书目信息 |
| 题名: |
马云:未来已来
|
|
| 作者: | ;阿里巴巴集团 编 | |
| 分册: | ||
| 出版信息: | 杭州 红旗出版社 2017 |
|
| 页数: | 265页 | |
| 开本: | 24cm | |
| 丛书名: | ||
| 单 册: | ||
| 中图分类: | F724.6 | |
| 科图分类: | ||
| 主题词: | 电子商务--商业企业管理--研究--杭州 | |
| 电子资源: | ||
| ISBN: | 978-7-5051-3912-1 | |
| 000 | 00962nam0 2200229 450 | |
| 001 | 012001005873 | |
| 005 | 20080820061724.0 | |
| 010 | @a978-7-5051-3912-1@dCNY49.00 | |
| 100 | @a20170619d2017 em y0chiy50 ea | |
| 101 | 0 | @achi |
| 102 | @aCN@b330000 | |
| 105 | @aa z 000yy | |
| 106 | @ar | |
| 200 | 1 | @a马云:未来已来@9ma yun:wei lai yi lai@e阿里巴巴的商业逻辑和纵深布局@f阿里巴巴集团编 |
| 210 | @a杭州@c红旗出版社@d2017 | |
| 215 | @a265页@c彩图,彩照@d24cm | |
| 330 | @a本书集纳了马云近年来在各种场合的精彩讲话,这些讲话深入地阐述了马云对电子商务、数据时代、未来技术以及社会变革的思考和畅想,详细解读了阿里巴巴未来十年乃至未来三十年的战略规划和发展前景,还多维地分享了马云关于公益活动、女性权益、环境保护、农村脱贫、打击假货等社会热点话题的观点和看法。 | |
| 606 | 0 | @a电子商务@x商业企业管理@x研究@y杭州 |
| 690 | @aF724.6@v5 | |
| 711 | 02 | @a阿里巴巴集团@9a li ba ba ji tuan@4编 |
| 801 | 0 | @aCN@b上海新华@c20181010 |
| 905 | @b1168383-7@dF724.6@e115@f5 | |
| 马云:未来已来:阿里巴巴的商业逻辑和纵深布局/阿里巴巴集团编.-杭州:红旗出版社,2017 |
| 265页:彩图,彩照;24cm |
| ISBN 978-7-5051-3912-1:CNY49.00 |
| 本书集纳了马云近年来在各种场合的精彩讲话,这些讲话深入地阐述了马云对电子商务、数据时代、未来技术以及社会变革的思考和畅想,详细解读了阿里巴巴未来十年乃至未来三十年的战略规划和发展前景,还多维地分享了马云关于公益活动、女性权益、环境保护、农村脱贫、打击假货等社会热点话题的观点和看法。 |
| ● |
| 相关链接 |
|
|
|
|
正题名:马云:未来已来
索取号:F724.6/115
 
预约/预借
| 序号 | 登录号 | 条形码 | 馆藏地/架位号 | 状态 | 备注 |
| 1 | 1168383 | 211683837 | 第一样本阅览室/ [索取号:F724.6/115] | 在馆 | |
| 2 | 1168384 | 211683846 | 第一借阅区/ [索取号:F724.6/115] | 在馆 | |
| 3 | 1168385 | 211683855 | 第一借阅区/ [索取号:F724.6/115] | 在馆 | |
| 4 | 1168386 | 211683864 | 第一借阅区/ [索取号:F724.6/115] | 在馆 | |
| 5 | 1168387 | 211683873 | 第一借阅区/ [索取号:F724.6/115] | 在馆 |